Normal view
MARC view
Entry Personal Name
001 - CONTROL NUMBER
- control field: 64878
003 - CONTROL NUMBER IDENTIFIER
- control field: dpl
005 - DATE AND TIME OF LATEST TRANSACTION
- control field: 20240418154522.0
008 - FIXED-LENGTH DATA ELEMENTS
- fixed length control field: 240418|| aca||aabn | a|a d
040 ## - CATALOGING SOURCE
- Original cataloging agency: dpl
- Transcribing agency: dpl
100 ## - HEADING--PERSONAL NAME
- Personal name: Jha, Surendra
670 ## - SOURCE DATA FOUND
- Source citation: Work cat.: (dpl)202268: Jha, Surendra, Interpreting 18th Century/, 2019
